书目信息 |
| 题名: |
鸡蛋后面的故事
|
|
| 作者: | 李虹 著 | |
| 分册: | ||
| 出版信息: | 北京 京华出版社 2004 |
|
| 页数: | 172页 | |
| 开本: | 21cm | |
| 丛书名: | ||
| 单 册: | ||
| 中图分类: | F270-49 | |
| 科图分类: | ||
| 主题词: | 企业管理--通俗读物 | |
| 电子资源: | ||
| ISBN: | 7-80600-863-2 | |
| 000 | 00716nam0 2200217 450 | |
| 001 | TS2006026963 | |
| 005 | 20070117162935.90 | |
| 010 | @a7-80600-863-2@dCNY18.00 | |
| 100 | @a20060829d2004 em y0chiy0110 ea | |
| 101 | 0 | @achi |
| 102 | @aCN@b110000 | |
| 105 | @aa z 000yy | |
| 200 | 1 | @a鸡蛋后面的故事@Aji dan hou mian di gu shi@f李虹著 |
| 210 | @a北京@c京华出版社@d2004 | |
| 215 | @a172页@c插图@d21cm | |
| 330 | @a本书是讨论企业管理的通俗读本,力求围绕“市场机会、企业优势、企业战略”等重要因素的阐述,从而提供“独特的商业模式”去“实现你的战略目标”。 | |
| 606 | 0 | @a企业管理@x通俗读物 |
| 690 | @aF270-49@v4 | |
| 701 | 0 | @a李虹@Ali hong@4著 |
| 801 | 0 | @aCN@b中图数据@c20070117 |
| 905 | @a10447@dF270-49@e414 | |
| 鸡蛋后面的故事/李虹著.-北京:京华出版社,2004 |
| 172页:插图;21cm |
| ISBN 7-80600-863-2:CNY18.00 |
| 本书是讨论企业管理的通俗读本,力求围绕“市场机会、企业优势、企业战略”等重要因素的阐述,从而提供“独特的商业模式”去“实现你的战略目标”。 |
| ● |
| 相关链接 |
|
|
|
|
正题名:鸡蛋后面的故事
索取号:F270-49/414
 
预约/预借
| 序号 | 登录号 | 条形码 | 馆藏地/架位号 | 状态 | 备注 |
| 1 | 0602274 | 206022748 | 第一样本阅览室/ [索取号:F270-49/414] | 在馆 | |
| 2 | 0602275 | 206022757 | 第一借阅区/ [索取号:F270-49/414] | 在馆 | |
| 3 | 0602276 | 206022766 | 第一借阅区/ [索取号:F270-49/414] | 在馆 | |
| 4 | 0602277 | 206022775 | 第一借阅区/ [索取号:F270-49/414] | 在馆 | |
| 5 | 0602278 | 206022784 | 第一借阅区/ [索取号:F270-49/414] | 在馆 | |
| 6 | 0602279 | 206022793 | 第一借阅区/ [索取号:F270-49/414] | 在馆 |